000
00339nam a2200133Ia 4500
008
240624s9999 xx 000 0 und d
041
_a
eng
082
_a
823 ALE
100
_a
BY ALEXIEVICH SVETLANA
245
_a
CHERNOBYL PRAYER A CHRONICLE OF THE FUTU
260
_c
2013
_a
India
_b
Penguin
300
_a
293 : p. : cm ; 22
365
_c
RS
999
_c
27845
_d
27845